Robinson Crusoe (Registo nº 2156)
[ vista simples ]
| 000 -Etiqueta do registo | |
|---|---|
| Cabeçalho | 00983nam a22003011 4500 |
| 005 - Identificador da versão | |
| Campo de controlo | 20240813121926.0 |
| 095 ## - | |
| -- | PTBN00324365 |
| 010 ## - Número internacional normalizado dos livros (ISBN) | |
| Número (ISBN) | 9722006932 |
| 021 ## - Número do Depósito Legal | |
| Código do país | PT |
| Número | 25818/89 |
| 100 ## - Dados gerais de processamento | |
| Dados gerais de processamento | 19980715d1989 d y0pory5003 ba |
| 102 ## - Pais de publicação ou produção | |
| País de publicação | Portugal |
| 101 1# - Língua de publicação | |
| Língua do texto, banda sonora, etc. | Português |
| Língua do documento no original | |
| 215 ## - Descrição física | |
| Indicação específica da natureza do documento e extensão da espécie | 293 p. |
| Outras indicações físicas | il. |
| Dimensões | 21 cm |
| 200 1# - Titulo e menção de responsabilidade | |
| Título próprio | Robinson Crusoe |
| Primeira menção de responsabilidade | Daniel Defoe |
| Outras menções de responsabilidade | trad. de M. Henriques |
| -- | rev. por Alice Vieira |
| 225 2# - Colecção | |
| Título próprio da colecção | Biblioteca juvenil Dom Quixote |
| Indicação de volume | 4 |
| 205 ## - Menção da edição | |
| Menção da edição | 1ª ed |
| 210 ## - Publicação, Distribuição, etc. | |
| Lugar da edição, distribuição, etc. | Lisboa |
| Nome do editor, distribuidor, etc. | Dom Quixote |
| Data da publicação, distribuição, etc. | 1989 |
| 304 ## - Notas relativas a título e menção de responsabilidade | |
| Texto da nota | Tit. orig.: The life and strange surprising adventures of Robin- son Crusoe of York,mariner |
| 606 ## - Nome comum usado como assunto | |
| Número de registo de entrada de autoridade | 0000559 |
| Palavra de ordem | Literatura estrangeira infantil |
| Subdivisão de assunto | Romance de aventuras |
| 675 ## - Classificação Decimal Universal (CDU) | |
| Notação | 82-311.3 |
| Edição | 2ª |
| Língua da edição | por |
| 702 #1 - Nome de autor-pessoa física (responsabilidade secundária) | |
| Número de registo de entrada de autoridade | 0000943 |
| Palavra de ordem | Henriques |
| Outra parte do nome não tomada para palavra de ordem | M. |
| Código de função | Tradutor |
| Número de registo de entrada de autoridade | 0000058 |
| Palavra de ordem | Vieira |
| Outra parte do nome não tomada para palavra de ordem | Alice |
| Datas | 1943- |
| Código de função | Revisor |
| 700 #1 - Nome de autor-pessoa física (responsabilidade principal) | |
| Número de registo de entrada de autoridade | 0000667 |
| Palavra de ordem | Defoe |
| Outra parte do nome não tomada para palavra de ordem | Daniel |
| Datas | ca 1663-1731 |
| 942 ## - Elementos de entrada adicionados (Koha) | |
| Tipo de item no Koha | Livro |
| Situação do levantamento | Origin of item (home branch) (coded) | Biblioteca de empréstimo | Código de barras | Cota | Circulation type (not for loan) | Tipo de documento | Nota do exemplar | Damaged status |
|---|---|---|---|---|---|---|---|---|
| Biblioteca Escolar da Coca Maravilhas | Biblioteca Escolar da Coca Maravilhas | BECM4172/98 | 8EST DEF | Livro | Sem mensagem |
